Anuario CIP 2001: políticas mundiales, tendencias peligrosas, claves sobre la realidad internacional
Este artículo trata de analizar las claves sobre la realidad nacional, basándose en las tendencias peligrosas (guerras, armas, violencia) que se presentan en gran parte de los países del mundo también toma en cuenta las migraciones como uno de los efectos de falta de democratización y estabilidad e...
Gespeichert in:
| Format: | Text |
|---|---|
| Schlagworte: | |
| Tags: |
Tag hinzufügen
Keine Tags, Fügen Sie den ersten Tag hinzu!
|
MARC
| LEADER | 00000 a a2200000 04500 | ||
|---|---|---|---|
| 001 | 7423 | ||
| 003 | |||
| 040 | |||
| 245 | |a Anuario CIP 2001: |b políticas mundiales, tendencias peligrosas, claves sobre la realidad internacional | ||
| 500 | |a Sinopsis de la Obra, elaborado por: Aguirre, Mariano, Director del Centro de Investigación para la Paz%CIPSinopsis de la Obra, elaborado por: Aguirre, Mariano, Director del Centro de Investigación para la Paz%CIP | ||
| 520 | |a Este artículo trata de analizar las claves sobre la realidad nacional, basándose en las tendencias peligrosas (guerras, armas, violencia) que se presentan en gran parte de los países del mundo |a también toma en cuenta las migraciones como uno de los efectos de falta de democratización y estabilidad económica y política. Se analiza casos específicos, por ejemplo, Somalia, Angola, Sierra Leona, Colombia, Marruecos, etc./ICC/ | ||
| 650 | |a GUERRA | ||
| 650 | |a POLITICA INTERNACIONAL | ||
| 650 | |a ARMAS | ||
| 650 | |a CONFLICTOS | ||
| 650 | |a VIOLENCIA | ||
| 650 | |a RECURSOS NATURALES | ||
| 650 | |a PROBLEMAS SOCIALES | ||
| 650 | |a MIGRACION | ||
| 650 | |a INTEGRACION REGIONAL | ||
| 773 | |g número 15; páginas 62-68 | ||
| 999 | |c 31351 |d 31351 | ||
